| 000 | 00994nam a2200301 i 4500 | ||
|---|---|---|---|
| 001 | 200451250 | ||
| 003 | TR-AnTOB | ||
| 005 | 20241007153916.0 | ||
| 007 | ta | ||
| 008 | 230106s2011 tu be 000 0 tur d | ||
| 020 | _a9789755072470 | ||
| 040 |
_aTR-AnTOB _beng _erda _cTR-AnTOB |
||
| 041 | 0 | _atur | |
| 050 | 4 |
_aNA2005 _b.A865 2011 |
|
| 090 |
_aNA2005 _b.A865 2011 |
||
| 245 | 0 | 0 |
_aAtölye 1 : _b2009-2010 : seçki / _catölye yürütücüleri Prof. Dr. Nur Çağlar [and seven others] |
| 264 | 1 |
_aAnkara : _bRekmay Reklam ve Tanıtım Ltd. Şti. _c2011. |
|
| 300 |
_a97 pages : _billustrations ; _c24 cm |
||
| 336 |
_atext _btxt _2rdacontent |
||
| 337 |
_aunmediated _bn _2rdamedia |
||
| 338 |
_avolume _bnc _2rdacarrier |
||
| 650 | 7 |
_aMimari stüdyolar _2etuturkob _968880 |
|
| 650 | 7 |
_aMimari tasarım _xÇalışma ve öğretim _2etuturkob _995307 |
|
| 650 | 0 |
_aKent planlama _zTürkiye _987087 |
|
| 700 | 1 |
_aÇağlar, T. Nur _9112485 |
|
| 942 |
_2lcc _cBK |
||
| 999 |
_c200451250 _d69462 |
||
| 999 | _aBS 06.01.2023 | ||